| 000 | 00407nam a22001577a 4500 | ||
|---|---|---|---|
| 003 | CEME | ||
| 005 | 20210628203415.0 | ||
| 008 | 210118b xxu||||| |||| 00| 0 eng d | ||
| 040 | _cceme | ||
| 082 | _a297.122 ZEN | ||
| 100 |
_aHazara Molana Muhammad Usamani _965248 |
||
| 245 | _aYourpi tahzeeb tabahi ka dahana per | ||
| 260 |
_aLAHORE _bMAKTABA-E-DARUL-ULOOM _c2001 |
||
| 300 | _aPDF | ||
| 942 |
_cBK _2ddc |
||
| 999 |
_c573519 _d573519 |
||